[Event "WYCC 2018 O14"]
[Site "Halkidiki"]
[Date "2018.10.30"]
[Round "11"]
[White "Pogosyan, Stefan"]
[Black "Srihari L R"]
[Result "1-0"]
[WhiteElo "2373"]
[BlackElo "2170"]
[Annotator "TA"]
[PlyCount "63"]
[EventDate "2018.10.20"]
[EventType "swiss"]
[EventCountry "GRE"]
[SourceTitle "playchess.com"]
[Source "ChessBase"]
[SourceQuality "1"]

{[%evp 16,63,20,10,30,29,67,76,66,66,121,115,119,19,154,140,177,166,181,22,137,80,100,75,151,145,133,142,173,182,131,166,220,200,222,244,743,750,872,866,840,828,802,782,1029,1033,1816,1765,1564,1404]} 1. d4 d5 2. c4 e6 3. Nc3 f5 4. e3 Nf6 5. Bd3 c6 6. Nge2 Bd6 7. O-O O-O {A84: Dutch Defence: 2 c4 Miscellaneous} 8. f3 Kh8 (8... Nbd7 9. cxd5 cxd5 10. Bd2 a6 11. Rc1 b5 12. Be1 Nh5 13. Ng3 Ndf6 14. Nce2 Bb7 15. a3 Qe7 {1-0 (54) Nechaeva,M (2409)-Kashlinskaya,A (2447) Sochi 2018}) 9. Qc2 {LiveBook: 17 Games} Na6 {The position is equal.} 10. a3 $1 Nc7 11. c5 Be7 12. b4 $146 ({Predecessor:} 12. Bd2 Bd7 13. b4 a6 14. Na4 Rb8 15. Be1 Nh5 16. Nb6 Na8 17. Nxd7 Qxd7 18. g4 {1-0 (18) Kalyoncuoglu,O (1777)-Cameron,E (1482) LSS email 2009}) 12... b5 (12... Nd7 $14) 13. a4 $16 {[%cal Ra4b5]} a6 14. e4 (14. Bd2 $16) 14... g6 (14... dxe4 $1 $11 {remains equal.} 15. fxe4 Bd7) 15. Bf4 {Hoping for exf5.} Bb7 16. Be5 $36 {[%mdl 2048] White is really pushing.} Kg8 17. Nf4 $2 (17. axb5 $18 {[%cal Re4f5]} Nxb5 18. Nf4) 17... Nfe8 (17... dxe4 $1 $11 18. fxe4 Ng4) 18. axb5 (18. Nxe6 $142 Nxe6 19. exf5) 18... axb5 19. Rxa8 Bxa8 (19... Qxa8 $142 20. Qc1 Bf6) 20. exf5 exf5 {[#]} 21. g4 $1 {[%cal Rg4f5]} Bf6 22. gxf5 Bxe5 23. dxe5 gxf5 (23... Qe7 {keeps fighting.}) 24. Qg2+ $18 Kh8 {[#] Strongly threatening ...Rg8.} 25. Kh1 Qe7 $2 (25... Qh4) 26. Qh3 {Ng6+ is the strong threat.White is clearly winning.} Qf7 27. Rg1 Rg8 28. Rxg8+ Kxg8 29. Bxf5 h6 30. Nce2 Ng7 31. Bg6 Qe7 32. Qc8+ {Precision: White = 65%, Black = 12%.} 1-0

[Event "WYCC 2018 O14"]
[Site "Halkidiki"]
[Date "2018.10.30"]
[Round "11"]
[White "Vettese, Nicholas"]
[Black "Turgut, Aydin"]
[Result "1-0"]
[WhiteElo "2338"]
[BlackElo "2156"]
[Annotator "TA"]
[PlyCount "133"]
[EventDate "2018.10.20"]
[EventType "swiss"]
[EventCountry "GRE"]
[SourceTitle "playchess.com"]
[Source "ChessBase"]
[SourceQuality "1"]

{[%evp 18,133,14,19,21,14,24,0,7,2,30,-14,39,33,51,51,51,50,52,45,79,71,70,59,99,29,50,0,0,0,0,0,0,-6,0,-20,-20,-26,-2,-12,-2,-2,-19,-16,0,-37,-22,-21,0,0,10,11,21,20,128,121,123,124,115,118,110,110,121,110,112,113,113,113,113,113,113,113,118,113,117,116,131,87,91,103,93,67,125,120,143,72,73,72,77,93,167,159,882,940,1005,587,580,576,29984,29985,29986,29987,29987,29988,29988,29989,29989,29989,29990,29990,29990,29991,29991,29992,29992,29992,29992,29993]} 1. e4 e5 2. Nf3 Nc6 3. d4 exd4 4. Nxd4 Bc5 5. Nxc6 Qf6 6. Qf3 dxc6 7. Nc3 {C45: Scotch Game} Be6 8. Be3 (8. Qg3 O-O-O 9. Be3 Bxe3 10. Qxe3 Kb8 11. f4 Qe7 12. Bd3 Nh6 13. O-O-O f6 14. g3 Nf7 {½-½ (29) Nepomniachtchi,I (2766)-Carlsen,M (2851) Leuven 2017}) 8... Qxf3 9. gxf3 Bxe3 10. fxe3 {LiveBook: 6 Games} O-O-O 11. Rg1 g6 $1 12. e5 $146 ({Predecessor:} 12. Ne2 Kb8 13. Nf4 Bc8 14. Rd1 Re8 {½-½ (24) Gharamian,T (2637)-Fressinet,L (2677) Agen 2016}) 12... Ne7 13. Ne4 Bd5 14. Bd3 Nf5 (14... Bxe4 $11 15. Bxe4 Nd5) 15. Ke2 $1 $14 Rde8 16. f4 {And now Nf6 would win.} Bxe4 17. Bxe4 Ng7 18. Bf3 Rhf8 19. Bg4+ Ne6 20. Raf1 f5 21. Bf3 ({White should try} 21. exf6 $1 $16 {aiming for f5.} Rxf6 22. e4) 21... g5 $11 22. c3 gxf4 23. Bh5 f3+ $1 24. Rxf3 Re7 25. Rfg3 Kd7 26. Rh3 Nc5 27. Bf3 Ke6 28. Rg5 Kxe5 29. Rgh5 Rff7 30. R3h4 a5 31. Rf4 Ne6 32. Ra4 Kd6 33. Rh6 Kd7 34. Rxa5 Nf4+ 35. Kd2 Ng6 {[#]} (35... Re6 $11 {keeps the balance.} 36. Rxe6 Nxe6) 36. Rxf5 $1 $16 Rxf5 37. Bg4 Ke6 38. e4 Kf6 39. Bxf5 {[%mdl 4096] Endgame KRB-KRN} Kg5 40. Rh3 Nh4 41. Bc8 Re8 42. Bxb7 Rb8 43. Bxc6 Rxb2+ 44. Ke3 {Hoping for a4.} Rxa2 45. Bd5 Rc2 46. Kd3 Rb2 47. Kc4 h5 48. Kc5 Ng6 49. Rg3+ Kf6 ({Better is} 49... Kh6 $14) 50. Rf3+ Ke7 51. Rf5 (51. Rf7+ $142 Kd8 52. h3) 51... Rxh2 52. e5 {[%cal Be4e5,Be5e6][%mdl 32]} Re2 53. e6 {Rf7+ is the strong threat.} Ne5 (53... Re3 $16) 54. Rxh5 $18 Nd3+ $2 {[#]} (54... Re3 $16) 55. Kc6 $1 Nf4 56. Rh7+ Ke8 57. Kxc7 Nxe6+ 58. Kd6 {White mates.} Nf8 59. Ra7 {[%cal Ra7a8]} Ne6 60. Bxe6 {[%cal Ra7a8] KRB-KR} Rd2+ 61. Bd5 {[%cal Ra7a8]} Kf8 62. c4 {[%cal Bc3c4,Bc4c5,Bc5c6,Bc6c7][%mdl 32]} Rh2 63. c5 Rh6+ 64. Be6 Rh1 65. c6 Rd1+ 66. Bd5 Rc1 67. c7 {Precision: White = 58%, Black = 36%.} 1-0

[Event "WYCC 2018 O14"]
[Site "Halkidiki"]
[Date "2018.10.30"]
[Round "11"]
[White "Huang, Renjie"]
[Black "Nogerbek, Kazybek"]
[Result "0-1"]
[WhiteElo "2322"]
[BlackElo "2316"]
[Annotator "TA"]
[PlyCount "124"]
[EventDate "2018.10.20"]
[EventType "swiss"]
[EventCountry "GRE"]
[SourceTitle "playchess.com"]
[Source "ChessBase"]
[SourceQuality "1"]

{[%evp 16,124,12,0,-1,-7,2,0,15,15,33,37,39,37,51,0,0,0,0,0,0,-60,2,14,17,18,15,11,15,-13,-14,-18,-13,-41,-16,-26,-10,-7,-7,-8,0,-2,-2,-34,-32,-30,-30,-31,-32,-39,-32,-41,-36,-62,-62,-57,-36,-45,-43,-47,-14,-16,0,-48,-52,-118,-96,-126,-126,-126,-60,-60,-60,-60,-28,-51,-8,-8,-8,-29,-8,-8,-8,-8,-8,-219,-162,-162,-112,-197,-197,-197,-131,-117,-118,-105,0,-109,0,-195,-162,-162,-162,-466,-462,-336,-314,-29972,-29976,-29985,-29986]} 1. e4 e6 2. d4 d5 3. Nc3 Nf6 4. e5 Nfd7 5. f4 c5 6. Nf3 Nc6 7. Be3 a6 8. Be2 b5 9. O-O {LiveBook: 7 Partien. C11: Französische Verteidigung} (9. a3 Bb7 10. O-O cxd4 11. Nxd4 Bc5 12. Qd2 Qb6 13. Rad1 Rc8 14. Rf3 g5 15. fxg5 Ndxe5 16. Rh3 Bxd4 17. Bxd4 Qxd4+ 18. Qxd4 Nxd4 19. Rxd4 {1-0 (42) Pichot,A (2517)-Cordova,E (2611) Merida 2015}) 9... cxd4 10. Nxd4 Bc5 11. Bf3 {Die Stellung ist ausgeglichen.} Nxd4 (11... Qb6 {looks sharper.} 12. Nce2 a5 13. Bf2 Nxd4 14. Nxd4 b4) 12. Bxd4 Bxd4+ $146 ({Vorgänger:} 12... Qc7 13. Bxc5 Qxc5+ 14. Rf2 O-O 15. Ne2 a5 16. c3 Ba6 {½-½ (33) Razumov,A (1396)-Sevruk,V (1274) LSS email 2011}) 13. Qxd4 Qb6 14. Ne2 a5 15. f5 (15. b3 $14) 15... Rb8 $11 16. fxe6 fxe6 17. Rae1 O-O 18. Kh1 (18. Qxb6 $11 Rxb6 19. Nd4) 18... Qxd4 ({Besser ist} 18... b4 $1 $15) 19. Nxd4 Rb6 20. a3 b4 21. axb4 axb4 22. Nxe6 Rxf3 $1 23. Rxf3 Rxe6 24. Rb3 (24. Rd3 {keeps more tension.} Bb7 25. Rb3 Kf7 26. Rxb4 Bc6 27. Rf4+) 24... Kf7 ({Jedoch nicht} 24... Nxe5 $2 25. Rbe3 $18) (24... Rxe5 $2 25. Rxe5 Nxe5 26. Re3 $18) (24... Rb6 {with more complications.} 25. e6 Nf6 26. Kg1 Rc6 27. Rxb4 Rxc2 28. Rb8 Kf8) 25. Rxb4 Rxe5 26. Rxe5 Nxe5 27. Kg1 Ke7 28. Kf2 Kd6 29. Rf4 g6 30. Ke3 Bf5 31. c3 Nc4+ 32. Kd4 Nxb2 33. g4 Be6 34. g5 Nc4 35. Rf8 Ne5 36. Rd8+ Bd7 37. Rf8 $1 Nc6+ 38. Ke3 $1 Ne5 39. Kd4 Bf5 {Und weiter mit ...Sf3+ wäre nett.} 40. Rf6+ ({Günstiger ist} 40. Rd8+ $1 $15 Bd7 41. Rf8) 40... Be6 $17 41. Rf8 Nf7 42. h4 {[#]} h6 (42... h5 $1 $17 43. Ra8 Ne5) 43. h5 $1 $15 {zielt auf Txf7! ab.} Ke7 ({Bitte nicht} 43... gxh5 $6 44. g6 $16) 44. Rg8 $1 gxh5 45. gxh6 $1 {Droht h7.} Nxh6 (45... Bf5 {is more complex.} 46. Kxd5 Kf6 47. h7 Bxh7 48. Rg1 Nh6) 46. Rh8 $132 {[%mdl 2048] Weiss is fighting back} Nf5+ 47. Ke5 {Und Th7+ würde nun gewinnen.} Ng3 (47... Ng7 {feels hotter.} 48. Rh7 Kf7 49. Rh6 Bg4 50. Rf6+ Ke7) 48. Ra8 Bf7 49. Ra7+ Kf8 {Droht ...Kg7 und aus.} 50. Rc7 $2 (50. Ra2 $11 {und Weiss muss sich keine Sorgen machen.}) 50... Kg7 51. Kf4 Nf1 52. Kf5 (52. Rc6 $17 {war angesagt.}) 52... Ne3+ $19 53. Kg5 Nc4 (53... Nd1 $19 54. Rc6 Nf2) 54. Kf5 $17 Nd6+ 55. Ke5 Nc4+ (55... Nb5 {looks sharper.} 56. Rc6 Na3 57. Kf5 Nb1 58. Kg5 Nd2) 56. Kf5 Ne3+ (56... Nb2 $17 57. Ra7 Nc4 58. Rc7) 57. Kg5 $19 Ng4 58. Ra7 Nf6 {...Se4+ ist eine echte Drohung.} 59. Rc7 $2 (59. Ra3) 59... Ne4+ 60. Kf4 {[#]} h4 $1 {[%cal Bh5h4,Bh4h3][%mdl 32] Weiss muss nun ...h3 beachten.} 61. Rc6 $2 (61. Kg4 $19 Kf6 62. Kxh4) 61... h3 62. Kf3 Bh5+ {Precision: Weiß = 49%, Schwarz = 58%.} 0-1

[Event "WYCC 2018 O14"]
[Site "Halkidiki"]
[Date "2018.10.30"]
[Round "11"]
[White "Tanriverdi, Enes"]
[Black "Abelakiotis, Stavros"]
[Result "1-0"]
[WhiteElo "2317"]
[BlackElo "1994"]
[Annotator "TA"]
[PlyCount "57"]
[EventDate "2018.10.20"]
[EventType "swiss"]
[EventCountry "GRE"]
[SourceTitle "playchess.com"]
[Source "ChessBase"]
[SourceQuality "1"]

{[%evp 19,57,0,0,0,0,0,53,0,0,-4,76,33,38,39,45,32,65,62,71,50,51,70,257,113,109,128,432,396,696,625,830,336,1442,1424,1392,1309,2555,2394,1907,1762]} 1. d4 Nf6 2. c4 e6 3. Nf3 b6 4. g3 Ba6 5. b3 Bb4+ 6. Bd2 Be7 7. Nc3 c6 8. e4 d5 9. Bd3 {E15: Queen's Indian: 4 g3 sidelines, 4 g3 Ba6 and 4 g3 Bb7 early deviations} dxc4 10. bxc4 e5 $1 {LiveBook: 5 Games} 11. Ne2 $146 {The position is equal.} ({Predecessor:} 11. Qc2 exd4 12. Ne2 Nbd7 13. O-O Ng4 14. Nexd4 Nge5 15. Be2 Nxf3+ 16. Nxf3 O-O {1-0 (47) Vitiugov,N (2724)-Timman,J (2578) Helsingor 2017}) 11... exd4 12. Nexd4 Nfd7 (12... c5 $1 $11) 13. Qc2 (13. Bf4 $14) 13... Ne5 $11 14. Be2 Nbd7 (14... Nxf3+ $11 {keeps the balance.} 15. Nxf3 O-O) 15. Rd1 {Hoping for Nxe5.} Nxf3+ 16. Nxf3 O-O 17. O-O Qc8 18. Nd4 $36 {[%mdl 2048] White has good play.} g6 19. Bh6 Rd8 20. Bg4 Bf6 $2 {[#]} (20... c5 $14 21. Nf3 Qb7) 21. f4 (21. e5 $1 $18 {[%cal Re5f6] and the rest is easy.} Bxe5 22. Bg5) 21... c5 $16 22. Nf3 {aiming for e5.} Qc6 $2 {[%mdl 8192]} (22... Bd4+ $16 23. Nxd4 cxd4) 23. e5 $18 Be7 $2 {[#]} (23... Bb7 24. exf6 Nxf6) 24. e6 $1 {[%mdl 512]} fxe6 25. Rde1 (25. Qe2 $142) 25... Nf6 $2 (25... Nf8 26. Qc3 Rd4 27. Bxf8 (27. Nxd4 cxd4 28. Qb2 Bxc4 $14) 27... Rxf8) 26. Bxe6+ {White is clearly winning.} Kh8 27. Ne5 Qxe6 {[#]} 28. Nxg6+ $1 {[%mdl 512]} hxg6 29. Rxe6 {Precision: White = 46%, Black = 21%.} 1-0

[Event "WYCC 2018 O14"]
[Site "Halkidiki"]
[Date "2018.10.30"]
[Round "11"]
[White "Dardha, Daniel"]
[Black "Krallis, Christos"]
[Result "1-0"]
[WhiteElo "2316"]
[BlackElo "2139"]
[Annotator "TA"]
[PlyCount "93"]
[EventDate "2018.10.20"]
[EventType "swiss"]
[EventCountry "GRE"]
[SourceTitle "playchess.com"]
[Source "ChessBase"]
[SourceQuality "1"]

{[%evp 19,93,38,44,27,37,19,20,12,10,15,11,16,18,5,47,50,92,67,60,51,96,104,142,88,80,77,106,87,102,50,97,63,62,65,126,114,214,210,296,293,295,305,290,295,484,483,698,704,733,370,728,729,722,716,833,832,805,799,745,748,735,722,4678,3966,5606,29960,6303,5712,1735,1352,1008,794,4890,1217,4874,1365]} 1. Nf3 Nf6 2. g3 e6 3. Bg2 d5 4. O-O Be7 5. d3 O-O 6. Nbd2 c5 7. e4 Nc6 8. e5 Nd7 9. Re1 f6 10. exf6 Nxf6 {LiveBook: 3 Games. C00: French: Unusual White 2nd moves} 11. c3 (11. c4 Bd7 12. b3 Ng4 13. h3 Bf6 14. Rb1 Nge5 15. Nxe5 Nxe5 16. Nf1 Kh8 17. Bf4 Nc6 18. Bd6 {0-1 (60) Moradiabadi,E (2575)-Battulga,N (2428) Guangzhou 2010}) 11... Bd6 12. d4 Re8 {The position is equal.} 13. Nb3 {[%cal Bd2b3,Bb3c1,Bc1d3][%mdl 32]} cxd4 $146 ({Predecessor:} 13... b6 14. Ne5 Bxe5 15. dxe5 Nd7 16. Bxd5 Ndxe5 17. Bg2 Bb7 18. Qxd8 Raxd8 {0-1 (40) Sancho,S-Cordoba Picazo,M Burriana 1990}) 14. cxd4 a5 15. Be3 a4 16. Nc1 Qb6 17. Nd3 Ng4 18. Bd2 a3 ({But not} 18... Nxd4 $2 19. Nxd4 Nxf2 20. Kxf2 $18 (20. Qh5 g6 $18)) 19. Rb1 Qa6 20. Bf4 Bf8 {[#]} 21. h3 (21. Bf1 $142 $1) 21... Nf6 $16 22. b4 $36 {[%mdl 2048] White is in control.} Qa4 23. Bf1 Ne4 24. Qb3 (24. Rb3 $16) 24... Bd7 25. Qxa4 (25. h4 {seems wilder.} Red8 26. Rec1 Qxb3 27. Rxb3 Ra4 28. Bh3) 25... Rxa4 26. Nc5 Nxd4 ({Better is} 26... Bxc5 $1 $14 27. bxc5 Rb4) 27. Nxd4 Bxc5 (27... Nxc5 $16 {keeps fighting.} 28. bxc5 Rxd4) 28. bxc5 $18 {Threatens to win with Be5.} Rxd4 (28... e5 $142) 29. Rxb7 Bc8 {[#]} 30. Rc7 $1 Nd2 {White must now prevent ...Rxf4!} 31. Be2 Nc4 $2 (31... e5 32. Bh5 g6) 32. Bg4 Kf8 (32... Kh8 $142 33. Rb1 Ba6) 33. Bh5 g6 34. Bh6+ Kg8 35. Bg4 Rxg4 36. hxg4 e5 37. Rb1 Nb2 38. Rg7+ Kh8 39. Ra7 Bxg4 40. Rxa3 Nc4 41. Ra7 {Intending Rbb7 and mate.} Bf5 42. Rbb7 g5 43. Bxg5 {White wants to mate with Bf6+.White is clearly winning.} Bg6 44. c6 Nd6 45. Re7 Rb8 46. Bf6+ Kg8 47. Rg7+ {Precision: White = 67%, Black = 46%.} (47. Bxe5 $142 Rb1+ 48. Kh2) 1-0

[Event "WYCC 2018 O14"]
[Site "Halkidiki"]
[Date "2018.10.30"]
[Round "11"]
[White "Gharibyan, Mamikon"]
[Black "Bjerre, Jonas Buhl"]
[Result "1/2-1/2"]
[WhiteElo "2314"]
[BlackElo "2438"]
[Annotator "TA"]
[PlyCount "80"]
[EventDate "2018.10.20"]
[EventType "swiss"]
[EventCountry "GRE"]
[SourceTitle "playchess.com"]
[Source "ChessBase"]
[SourceQuality "1"]

{[%evp 18,80,49,34,53,8,18,6,18,27,17,0,73,14,23,0,0,-5,0,0,0,0,0,0,0,0,0,-13,-8,-22,-22,-22,-22,-22,-22,-22,-22,-46,-40,-41,-38,-38,-38,-37,-29,-29,-29,-29,-29,-29,-22,-22,-22,-22,-18,-18,-18,-24,-24,-24,-24,-24,-24,-42,-42]} 1. d4 Nf6 2. c4 e6 3. Nf3 d5 4. Nc3 dxc4 5. e4 b5 6. e5 {D24: Angenommenes Damengambit} Nd5 7. Nxb5 Nb6 8. Be2 Nc6 9. O-O Be7 10. Be3 {LiveBook: 15 Partien} (10. Qd2 O-O 11. Qf4 Rb8 12. Nc3 f5 13. Qg3 {1-0 (38) Ding,L (2804)-Duda,J (2739) Batumi 2018}) 10... O-O 11. Rc1 Rb8 12. Nc3 Bb7 $146 ({Vorgänger:} 12... Ba6 13. Qd2 {½-½ (26) Zoler,D (2506)-Gorodetzky,D (2411) Israel 2018}) 13. Na4 Na5 14. Bd2 Bc6 (14... Nc6 $11) 15. Bxa5 (15. Nc5 $16 Nb7 16. Na6) 15... Bxa4 $11 16. Qd2 Bc6 17. Bxb6 axb6 18. Rxc4 Bd5 19. Rc2 Bxa2 20. Qc3 {[#] zielt auf b3 ab.} Bd5 21. Qxc7 Rc8 22. Qxd8 Rfxd8 23. Rfc1 Rxc2 24. Rxc2 Bxf3 25. Bxf3 Rxd4 {[%mdl 4096] Endspiel KTL-KTL} 26. Rc8+ Bf8 27. Kf1 Rb4 28. Rc2 Bc5 29. Bd1 Re4 30. Re2 Rxe2 31. Kxe2 $15 {KL-KL} Bd4 32. f4 Bxb2 33. Ba4 Kf8 34. Kf3 Ke7 35. Ke4 h5 36. g3 Bc3 37. h3 Be1 38. g4 hxg4 39. hxg4 g6 40. g5 Bb4 {Precision: Weiß = 63%, Schwarz = 88%.} 1/2-1/2

[Event "WYCC 2018 O14"]
[Site "Halkidiki"]
[Date "2018.10.30"]
[Round "11"]
[White "Suleymanli, Aydin"]
[Black "Stoyanov, Tsvetan"]
[Result "1-0"]
[WhiteElo "2313"]
[BlackElo "2340"]
[Annotator "TA"]
[PlyCount "69"]
[EventDate "2018.10.20"]
[EventType "swiss"]
[EventCountry "GRE"]
[SourceTitle "playchess.com"]
[Source "ChessBase"]
[SourceQuality "1"]

{[%evp 27,69,0,0,0,2,17,39,51,51,31,45,30,79,64,71,68,73,64,84,85,85,86,81,84,75,75,94,97,105,105,106,108,195,184,170,172,359,359,29988,29989,29996,29995,29997,29998]} 1. d4 Nf6 2. c4 c5 3. d5 d6 4. Nc3 g6 5. e4 Bg7 6. f4 O-O 7. Nf3 {[%cal Bg1f3,Bf3d2,Bd2c4][%mdl 32]} e6 8. Be2 exd5 9. cxd5 Nbd7 10. O-O Re8 11. Nd2 c4 12. e5 dxe5 13. Nxc4 {A69: Modern Benoni: Four Pawns Attack with 9...Re8} Nb6 14. fxe5 (14. Nxe5 Nbxd5 15. Qb3 Be6 16. Nxd5 Bxd5 17. Bc4 Bxc4 18. Qxc4 Qd5 19. Qb3 Rad8 20. Be3 a6 {0-1 (35) El Gindy,E (2453)-Amin,B (2667) Livingstone 2018}) 14... Nfxd5 {LiveBook: 3 Games} 15. Nd6 {The position is equal.} Nxc3 16. bxc3 Bxe5 17. Nxe8 Qxe8 18. Bf4 $146 ({Predecessor:} 18. Qe1 Bf5 19. Bh6 Qc6 20. Rc1 Re8 {1-0 (53) Utasi,T (2440)-Perenyi,B (2415) Hungary 1986}) 18... Bxc3 19. Rc1 Be5 20. Qd2 {Black must now prevent Qe3.} Bxf4 21. Rxf4 Be6 22. Bf3 Bxa2 23. Bxb7 Rb8 24. Bf3 {[%mdl 1024] White has strong compensation.} Qe7 25. Rd4 Be6 26. Qf4 Re8 27. Rc7 Qa3 28. h4 h5 29. Kh2 Qa5 {[#]} (29... Qf8 $16 {was worth a try.}) 30. Bc6 $1 $18 {[%cal Rc6e8,Bf3c6,Bc6e4,Be4g6,Bg6f7][%mdl 32]} Rf8 {[#]} 31. Be4 $1 {[%cal Re4g6]} Kg7 $2 (31... Qb5 32. Qg3 (32. Rxa7 Qc5 $16) 32... Bg4) 32. Rd6 {Intending Rxe6 and mate.} Kg8 $2 (32... Bf5 $18 33. Bxf5 Qxf5 34. Qxf5 gxf5) 33. Bxg6 {White mates.} Nd5 {[#]} 34. Qg5 $1 {[%mdl 512]} Qa1 35. Bxf7+ {Precision: White = 100%, Black = 41%.} 1-0

[Event "WYCC 2018 O14"]
[Site "Halkidiki"]
[Date "2018.10.30"]
[Round "11"]
[White "Tsay, Vincent"]
[Black "Bassini, Emile"]
[Result "1/2-1/2"]
[WhiteElo "2310"]
[BlackElo "2002"]
[Annotator "TA"]
[PlyCount "179"]
[EventDate "2018.10.20"]
[EventType "swiss"]
[EventCountry "GRE"]
[SourceTitle "playchess.com"]
[Source "ChessBase"]
[SourceQuality "1"]

{[%evp 29,178,11,27,5,1,2,0,0,0,0,0,0,0,0,0,0,0,0,6,0,0,0,0,0,0,0,0,0,0,0,0,0,0,-26,-14,-13,-14,-19,0,0,0,0,0,0,0,0,0,0,0,0,0,0,0,0,0,0,0,0,0,0,0,0,0,0,0,0,0,0,0,0,0,0,0,0,0,0,0,0,0,0,0,0,0,0,0,0,0,0,0,0,0,0,0,0,0,0,0,0,0,0,0,0,0,0,0,0,0,0,0,0,0,0,0,0,0,0,0,0,0,0,0,0,0,0,0,0,0,0,0,0,0,0,0,0,0,0,0,0,0,0,0,0,0,0,0,0,0,0,0,0,0]} 1. d4 Nf6 2. c4 e6 3. g3 d5 4. Nf3 dxc4 5. Qa4+ Nbd7 6. Qxc4 a6 7. Bg2 b5 8. Qc6 Rb8 9. Bf4 Nd5 10. Bg5 Be7 11. Bxe7 Qxe7 12. Nc3 {E03: Open Catalan: 5 Qa4+ Nbd7 6 Qxc4} Bb7 13. Nxd5 Bxc6 14. Nxe7 Kxe7 15. Rc1 Bd5 {[#] LiveBook: 3 Games} 16. O-O $146 ({Predecessor:} 16. Rxc7 Rhc8 17. Ra7 Ra8 18. Rxa8 Bxa8 19. Kd2 Nf6 20. Rb1 Ng4 21. Ke1 Be4 22. Rd1 Rc2 23. h3 Nf6 24. Rd2 Rc1+ 25. Rd1 Rc2 {½-½ (25) Ivanchuk,V (2717)-Leko,P (2713) Monte Carlo 2002}) 16... Rhc8 17. b3 a5 18. Ng5 Bxg2 19. Kxg2 c5 20. dxc5 Nxc5 21. Rc2 Nb7 22. Rfc1 Rxc2 23. Rxc2 $11 {[%mdl 4096] Endgame Strongly threatening Rc7+. KRN-KRN} f6 24. Nf3 Rd8 25. e4 e5 26. Nh4 g6 27. Kf3 Kd7 28. Ng2 Rc8 29. Rd2+ Ke6 30. Ne3 Nd6 31. Nd5 f5 32. exf5+ {The position is equal.} gxf5 {aiming for ...Ne4.} 33. Ne3 $1 a4 34. bxa4 bxa4 35. Rb2 Rc3 36. Rb6 h5 37. h4 a3 38. Ra6 Kd7 39. Kg2 Rd3 40. Ra5 Ke6 41. Ra6 Kd7 42. Ra4 f4 43. gxf4 exf4 44. Rxf4 Rd2 45. Nc4 Nxc4 46. Rxc4 Rxa2 {[#] Threatens to win with ...Rb2. KR-KR} 47. Rc5 Rb2 48. Rxh5 Rb4 49. Ra5 Rxh4 50. Rxa3 Ke7 51. Ra6 Kf7 52. Kg3 Rb4 (52... Re4 {feels hotter.} 53. f3 Rb4 54. Rc6 Rb3 55. Rd6 Rb5) 53. f4 Rb3+ 54. Kg4 Rb1 55. Kg5 Rg1+ 56. Kf5 Rb1 57. Ra7+ Kf8 58. Kg6 Rb6+ 59. Kg5 Rb5+ 60. f5 {[#] And now Kg6 would win.} Rb6 61. Rd7 Ra6 62. Rh7 Rb6 63. Rh1 Ra6 64. Rc1 Rb6 65. Kf4 Ra6 66. Rc5 Rb6 67. Ke5 Ra6 68. Rb5 Kf7 69. Rb7+ Kf8 70. Kd5 Ra5+ 71. Ke6 Ra6+ 72. Ke5 Rc6 73. Rd7 Ra6 74. Rd8+ Kf7 75. Rh8 $1 Rb6 76. Kf4 Ra6 77. Kg5 Rb6 78. Rh7+ Kf8 79. f6 {Kg6 is the strong threat.} Rb1 80. Rh4 Rg1+ 81. Kf5 Rf1+ 82. Rf4 Rxf4+ 83. Kxf4 {KP-K} Kf7 84. Kf5 Kf8 85. Ke6 {f7 would kill now.} Ke8 86. Ke5 {White wants to mate with Ke6.} Kf7 87. Kf5 Kf8 88. Kg6 {White threatens f7 and mate.} Kg8 89. f7+ Kf8 90. Kf6 $2 {[%mdl 8192] Precision: White = 87%, Black = 91%.} (90. Kg5 Kxf7) 1/2-1/2

[Event "WYCC 2018 O14"]
[Site "Halkidiki"]
[Date "2018.10.30"]
[Round "11"]
[White "Popov, Konstantin"]
[Black "Murzin, Volodar"]
[Result "1-0"]
[WhiteElo "2304"]
[BlackElo "2340"]
[Annotator "TA"]
[PlyCount "89"]
[EventDate "2018.10.20"]
[EventType "swiss"]
[EventCountry "GRE"]
[SourceTitle "playchess.com"]
[Source "ChessBase"]
[SourceQuality "1"]

{[%evp 21,89,27,30,23,61,51,66,57,56,54,64,64,62,41,48,37,58,0,35,20,35,33,45,22,29,35,52,65,58,52,66,55,75,81,79,69,78,77,65,52,50,40,48,0,182,180,222,92,100,93,83,80,184,182,283,278,266,206,439,434,431,420,429,375,2520,2060,2131,1905,29984,29985]} 1. d4 Nf6 2. c4 g6 3. Nc3 Bg7 4. e4 O-O 5. Nf3 d6 6. Be2 Nbd7 7. O-O e5 8. Qc2 Re8 9. Rd1 exd4 10. Nxd4 Nc5 11. f3 a5 {LiveBook: 24 Partien} 12. b3 {E94: Königsindisch (Klassisches System)} (12. Be3 Bd7 13. Qd2 Qe7 14. Bf1 h5 15. Rac1 Kh7 16. Bg5 Nfxe4 17. fxe4 Bxd4+ 18. Qxd4 Qxg5 19. Nd5 Re5 20. Nxc7 {0-1 (48) Stefanov,E (2455)-Meskovs,N (2495) Innsbruck 2017}) 12... Bd7 13. Be3 Qe7 $146 ({Vorgänger:} 13... c6 14. Qd2 Qc7 15. Rac1 Rad8 16. Bg5 Bc8 17. Kh1 Rd7 18. Bf1 Rf8 19. Rc2 Ne8 20. Qe1 h6 21. Be3 {1-0 (21) Baljiev,C (2230)-Lengyel,L (2160) Gyor 1997}) 14. Bf1 {Weiß steht etwas besser.} c6 15. Re1 Rad8 16. Rad1 Bc8 17. Qf2 Nfd7 18. g3 {[%cal Bg2g3,Bg3g4][%mdl 32]} Ne5 19. a3 (19. h3 $14) 19... Qf8 20. h3 f5 21. f4 Nf7 22. exf5 Bxf5 23. g4 Bc8 24. b4 axb4 25. axb4 Ne6 26. Bg2 Nxd4 27. Bxd4 Rxe1+ 28. Rxe1 Ng5 29. Bxg7 Qxg7 30. Ne2 Ne6 31. b5 $36 {[%mdl 2048] Weiss kämpft um Vorteil.} Bd7 32. Qb6 {Und weiter mit f5 wäre nett.} Qf8 $2 (32... Re8 $1 $11 {und Schwarz steht sicher.} 33. bxc6 bxc6) 33. Qxb7 $18 Nc5 34. Qc7 (34. Qa7 $1 $18 {ist der präzise Gewinnweg.}) 34... cxb5 $16 35. cxb5 Bxb5 36. Nc3 Bd7 {[#]} (36... Rc8 $16 37. Qa7 Re8 38. Rxe8 Bxe8) 37. Nd5 $1 $18 {[%cal Rd5e7] Schwarz muss nun Se7+ beachten.} Be6 (37... Ne6 $142 38. Qa5 Nc5) 38. g5 {Weiss droht Sf6+ und Matt.} Rd7 39. Qc6 Rf7 $2 (39... Ra7 40. Nf6+ Kf7) 40. Ra1 Bd7 {[#]} 41. Qb6 $1 Ba4 42. Qb4 Bc6 $2 (42... Qg7) 43. Nf6+ Rxf6 44. Bxc6 ({Schwächer ist} 44. gxf6 Qxf6 45. Ra7 Bd7 $18) 44... Rxf4 45. Bd5+ {Precision: Weiß = 74%, Schwarz = 32%.} 1-0